000 007110000a22002170004500
003 LK-CoMWRAF
005 20230902114555.0
008 230817t2001 ||||| |||| 00| 0 eng d
020 _a0415925541
040 _aLK-CoMWRAF
_dLK-CoMWRAF
_eLK-CoMWRAF
041 _aeng
082 _a305.48
_bCOO
100 _aCooke, Miriam
245 _aWomen Claim Islam:
_bCreating Islamic Feminism Through Literature
260 _aLondon:
_bRoutledge,
_c2001
300 _axxix, 175 p. ; 23 cm.
_bBibliography and index included
650 _aMUSLIM WOMEN-Arab countries-History-20th century
650 _a Muslim women--Arab countries--Intellectual life--20th century.
650 _aFeminism in literature.
942 _cBK
999 _c238
_d238